Salazar (Registo nº 1280)

Detalhes MARC
000 -Etiqueta do registo
Cabeçalho 01107cam a2200325 4500
005 - Identificador da versão
Campo de controlo 20240813121831.0
010 ## - Número internacional normalizado dos livros (ISBN)
Número (ISBN) 9724611736
021 ## - Número do Depósito Legal
Código do país PT
Número 155289/00
035 ## - Other System Control Numbers
System Control Number (bn)1061518
System Control Number 1061518
100 ## - Dados gerais de processamento
Dados gerais de processamento 20010709d20012010m y0pory5003 ba
102 ## - Pais de publicação ou produção
País de publicação Portugal
101 0# - Língua de publicação
Língua do texto, banda sonora, etc. Português
106 ## - Campo de dados codificados: material textual
Dados codificados do material textual r
105 ## - Campo de dados codificados: livros
Dados codificados dos livros a z 001yy
215 ## - Descrição física 
Indicação específica da natureza do documento e extensão da espécie 157, [2] p.
Outras indicações físicas il.
Dimensões 29 cm
200 1# - Titulo e menção de responsabilidade
Título próprio Salazar
Informação de outro título fotobiografia
Primeira menção de responsabilidade texto e org. Fernando Dacosta
Outras menções de responsabilidade org. Tiago Cunha
-- fot. Arquivo do Diário de Notícias... [et a.]
205 ## - Menção da edição
Menção da edição 5 ed
210 ## - Publicação, Distribuição, etc. 
Lugar da edição, distribuição, etc. Lisboa
Nome do editor, distribuidor, etc. Notícias
Data da publicação, distribuição, etc. 2010
600 #1 - Nome de pessoa usado como assunto
Número de registo de entrada de autoridade 0001798
Palavra de ordem Salazar
Outra parte do nome não tomada para palavra de ordem António de Oliveira
Datas 1889-1970
Subdivisão de assunto [Fotobiografias]
Código do sistema SIPOR
675 ## - Classificação Decimal Universal (CDU)
Notação 77.04 Salazar, Ant??nio de Oliveira
Edição BN
Língua da edição por
Notação 32 Salazar, António de Oliveira (043.2)
Edição BN
Língua da edição por
Notação 929Salazar, António de Oliveira
Edição BN
Língua da edição por
702 #1 - Nome de autor-pessoa física (responsabilidade secundária)
Número de registo de entrada de autoridade 0001802
Palavra de ordem Dacosta
Outra parte do nome não tomada para palavra de ordem Fernando
Datas 1940-
Código de função Autor / Co-autor
Número de registo de entrada de autoridade 0001803
Palavra de ordem Cunha
Outra parte do nome não tomada para palavra de ordem Tiago
Datas 1969-
Código de função Organizador de exposição / Comissário de exposição
712 02 - Nome de colectividade-autor (responsabilidade secundária)
Número de registo de entrada de autoridade 0001804
Palavra de ordem Arquivo do Diário de Notícias
Código de função Fotógrafo
966 ## - Identificação da Biblioteca
Sigla NUMETECA
942 ## - Elementos de entrada adicionados (Koha)
Tipo de item no Koha Livro
Exemplares
Situação do levantamento Origin of item (home branch) (coded) Biblioteca de empréstimo Código de barras Cota Circulation type (not for loan) Tipo de documento Nota do exemplar Damaged status
  Biblioteca Escolar Eng. Nuno Mergulhão Biblioteca Escolar Eng. Nuno Mergulhão BENM3126 | 2010 92 SAL DAC   Livro Sem mensagem